[Event "Katowice rapid op"]
[Site "Katowice"]
[Date "2025.05.31"]
[Round "1"]
[White "Adamczyk, Zuzanna"]
[Black "Sopel, Jonatan Jan"]
[Result "1-0"]
[WhiteElo "1907"]
[BlackElo "1437"]
[PlyCount "139"]
[EventDate "2025.05.31"]
[EventType "swiss"]
[EventRounds "11"]
[EventCountry "POL"]
[SourceTitle "CB24_2025"]
[SourceDate "2025.06.11"]
[SourceVersion "1"]
[SourceVersionDate "2025.06.11"]
[SourceQuality "1"]

1. e4 c5 2. Nf3 g6 3. d4 cxd4 4. Nxd4 Nc6 5. c4 Nf6 6. Nc3 d6 7. Be2 Bg7 8. Be3 0-0 9. 0-0 Bd7 10. f3 Nxd4 11. Bxd4 Bc6 12. Qd2 Nd7 13. Be3 Re8 14. b4 a6 15. a4 Nf6 16. a5 e5 17. b5 axb5 18. cxb5 Bd7 19. Qxd6 Re6 20. Qb4 Bf8 21. Qa4 Rea6 22. Qb3 Rxa5 23. Rxa5 Qxa5 24. Bc4 Be8 25. b6 Qa3 26. Rb1 Nd7 27. Nd5 Bg7 28. Nc7 Qxb3 29. Bxb3 Rc8 30. Bd5 Rb8 31. Nxe8 Rxe8 32. Bxb7 Rb8 33. Bc6 Nf8 34. b7 Ne6 35. Ba7 Nd8 36. Bd5 Nxb7 37. Rxb7 Rxb7 38. Bxb7 Kf8 39. Bc6 Ke7 40. Bc5+ Ke6 41. Bd5+ Kf6 42. Kf2 h5 43. h4 Bh6 44. Be3 Bxe3+ 45. Kxe3 Kg7 46. g4 hxg4 47. fxg4 f6 48. Be6 Kh7 49. Kd3 Kg7 50. Kc4 Kh7 51. Kc5 Kg7 52. Kd6 Kh7 53. Ke7 Kg7 54. Bc8 f5 55. gxf5 gxf5 56. Bxf5 Kh6 57. Ke6 Kh5 58. Kxe5 Kxh4 59. Kf6 Kh5 60. e5 Kh6 61. e6 Kh5 62. Bg6+ Kg4 63. e7 Kf4 64. e8Q Kf3 65. Qe4+ Kg3 66. Kg5 Kh3 67. Qg4+ Kh2 68. Kf4 Kh1 69. Kf3 Kh2 70. Qg2# 1-0

[Event "Katowice rapid op"]
[Site "Katowice"]
[Date "2025.05.31"]
[Round "2"]
[White "Sopel, Jonatan Jan"]
[Black "Ciupek, Oskar"]
[Result "0-1"]
[WhiteElo "1437"]
[BlackElo "1713"]
[PlyCount "198"]
[EventDate "2025.05.31"]
[EventType "swiss"]
[EventRounds "11"]
[EventCountry "POL"]
[SourceTitle "CB24_2025"]
[SourceDate "2025.06.11"]
[SourceVersion "1"]
[SourceVersionDate "2025.06.11"]
[SourceQuality "1"]

1. e4 e5 2. Nf3 Nc6 3. Bc4 Nf6 4. Ng5 d5 5. exd5 Na5 6. Bb5+ c6 7. dxc6 bxc6 8. Qf3 Be7 9. Bxc6+ Nxc6 10. Qxc6+ Bd7 11. Qf3 0-0 12. Nc3 Ng4 13. h3 Bxg5 14. hxg4 Qc8 15. Qh3 h6 16. 0-0 Bxg4 17. Qd3 Qe6 18. Qb5 Rab8 19. Qd5 Qf6 20. Ne4 Qf5 21. Nxg5 Qxg5 22. d4 Qh4 23. Qxe5 Rb6 24. Qh2 Qe7 25. c3 Rg6 26. Kh1 Qe2 27. Rg1 Qxf2 28. Qf4 Qh4+ 29. Qh2 Qf6 30. Qf4 Qc6 31. Kh2 Rg5 32. Qf2 Rh5+ 33. Kg3 Bf5 34. Qf3 Qg6+ 35. Kf2 Be4 36. Qg3 Rf5+ 37. Bf4 Qf6 38. Ke3 Re8 39. Be5 Qg5+ 40. Qxg5 Rxg5 41. Kxe4 f6 42. Kf4 fxe5+ 43. dxe5 Rgxe5 44. Kf3 Rf8+ 45. Kg3 Rg5+ 46. Kh2 Re8 47. Rae1 Rf8 48. Rgf1 Rb8 49. Re2 Rb7 50. Rf3 h5 51. Rg3 Rgb5 52. b3 Ra5 53. Rf3 Rg5 54. Rg3 Rc5 55. c4 Rcc7 56. Rc2 a5 57. Rb2 Rxc4 58. Rd2 Rc8 59. Rgd3 Kh7 60. Rd7 Rxd7 61. Rxd7 Rc2 62. Rd5 Rxa2 63. Rb5 g6 64. b4 a4 65. Ra5 Kh6 66. b5 Rb2 67. Rxa4 Rxb5 68. Ra3 Kg5 69. Kg3 h4+ 70. Kh3 Kh5 71. g4+ Kg5 72. Rf3 Rc5 73. Re3 Rc1 74. Rf3 Rh1+ 75. Kg2 Rc1 76. Kh3 Rc2 77. Re3 Rc5 78. Rf3 Rc4 79. Re3 Rxg4 80. Re5+ Kf4 81. Re4+ Kxe4 82. Kxg4 g5 83. Kh3 Kf3 84. Kh2 Kg4 85. Kg2 h3+ 86. Kh2 Kh4 87. Kh1 g4 88. Kg1 g3 89. Kh1 Kg4 90. Kg1 Kf3 91. Kh1 g2+ 92. Kg1 h2+ 93. Kxh2 Kf2 94. Kh3 g1Q 95. Kh4 Kf3 96. Kh5 Kf4 97. Kh6 Kf5 98. Kh7 Kf6 99. Kh8 Qg7# 0-1

[Event "Katowice rapid op"]
[Site "Katowice"]
[Date "2025.05.31"]
[Round "8"]
[White "Sopel, Jonatan Jan"]
[Black "Hasinski, Sebastian"]
[Result "0-1"]
[WhiteElo "1437"]
[BlackElo "1650"]
[PlyCount "32"]
[EventDate "2025.05.31"]
[EventType "swiss"]
[EventRounds "11"]
[EventCountry "POL"]
[SourceTitle "CB24_2025"]
[SourceDate "2025.06.11"]
[SourceVersion "1"]
[SourceVersionDate "2025.06.11"]
[SourceQuality "1"]

1. e4 c5 2. d4 cxd4 3. c3 dxc3 4. Nxc3 e6 5. Nf3 h6 6. Bc4 Bb4 7. 0-0 Bxc3 8. bxc3 Nf6 9. e5 Ne4 10. Qd4 Ng5 11. Nxg5 hxg5 12. Qg4 Rh4 13. Qe2 Qc7 14. Bb3 f6 15. g3 Rh6 16. exf6 gxf6 0-1